Úprava elektronického obchodu vo svetle medzinárodných dokumentov
Gespeichert in:
| 1. Verfasser: | |
|---|---|
| Format: | Buch |
| Sprache: | Slowakisch |
| Veröffentlicht: |
Bratislava
Slovenská spoločnosť pre medzinárodné právo pri SAV
2002
|
| Schriftenreihe: | Štúdie a materiály
zošit III. |
| Schlagworte: | |
| Tags: |
Keine Tags, Fügen Sie das erste Tag hinzu!
|
MARC
| LEADER | 00000nam$a2200000$$$4500 | ||
|---|---|---|---|
| 001 | 0024849 | ||
| 005 | 20240223110504.0 | ||
| 041 | 0 | |a slo | |
| 044 | |a SK | ||
| 245 | 1 | 0 | |a Úprava elektronického obchodu vo svetle medzinárodných dokumentov |c Andrea Moravčíková |
| 264 | 1 | |a Bratislava |b Slovenská spoločnosť pre medzinárodné právo pri SAV |c 2002 | |
| 300 | |a 60 s. | ||
| 490 | 1 | |a Štúdie a materiály |v zošit III. | |
| 830 | 0 | |a Štúdie a materiály |v zošit III. | |
| 610 | 2 | 0 | |a právo medzinárodné |
| 610 | 2 | 0 | |a obchod elektronický |
| 610 | 2 | 0 | |a dokumenty |
| 610 | 2 | 0 | |a úpravy právne |
| 610 | 2 | 0 | |a internet |
| 610 | 2 | 0 | |a ochrana dát |
| 610 | 2 | 0 | |a vývoj |
| 610 | 2 | 0 | |a spoločnosť informačná |
| 610 | 2 | 0 | |a komunikácia |
| 610 | 2 | 0 | |a zodpovednosť |
| 610 | 2 | 0 | |a zákony |
| 610 | 2 | 0 | |a podpis elektronický |
| 610 | 2 | 0 | |a kúpa |
| 610 | 2 | 0 | |a tovar |
| 610 | 2 | 0 | |a zmluvy medzinárodné |
| 610 | 2 | 0 | |a Európska únia |
| 610 | 2 | 0 | |a štúdie |
| 610 | 2 | 0 | |a OSN |
| 610 | 2 | 0 | |a EDI |
| 100 | 1 | |a Moravčíková, Andrea | |